|
|
|
|
| LEADER |
01008nam a2200337 4500 |
| 001 |
DLU090092273 |
| 005 |
##20091201 |
| 040 |
# |
# |
|a DLU
|b eng
|
| 041 |
# |
# |
|a eng
|
| 044 |
# |
# |
|a us
|
| 100 |
# |
# |
|a Cho, Min.
|
| 245 |
# |
# |
|a Disinfection of water containing natural organic matter by using ozone-initiated radical reactions /
|c Min Cho, Hyenmi Chung, Jeyong Yoon.
|
| 653 |
# |
# |
|a Bacillus subtilis
|
| 653 |
# |
# |
|a Disinfection
|
| 653 |
# |
# |
|a Microbial inactivation
|
| 653 |
# |
# |
|a Microorganisms
|
| 653 |
# |
# |
|a Oxidizing
|
| 653 |
# |
# |
|a Ozone
|
| 653 |
# |
# |
|a Water
|
| 700 |
# |
# |
|a Chung, Hyenmi.
|
| 700 |
# |
# |
|a Yoon, Jeyong.
|
| 773 |
# |
# |
|t Applied and Environmental Microbiology
|g Vol. 69, no. 4 (April 2003), p. 2284-2291
|
| 920 |
# |
# |
|a Phòng Tạp chí -- Trung tâm Thông tin - Thư viện Trường Đại học Đà Lạt
|
| 994 |
# |
# |
|a DLU
|
| 900 |
# |
# |
|a True
|
| 911 |
# |
# |
|a Trương Bảo Trâm Anh
|
| 925 |
# |
# |
|a G
|
| 926 |
# |
# |
|a A
|
| 927 |
# |
# |
|a BB
|
| 980 |
# |
# |
|a Thư viện Trường Đại học Đà Lạt
|